Organización de empresas (Registro nro. 3719)

Detalles MARC
000 -CABECERA
Longitud fija campo de control 00676nam a2200229 b 4500
003 - IDENTIFICADOR DELl NÚMERO DE CONTROL
Identificador del número de control OSt
005 - FECHA Y HORA DE LA ÚLTIMA TRANSACCIÓN
Fecha y hora de la última transacción 20150810180014.0
008 - CÓDIGOS DE INFORMACIÓN DE LONGITUD FIJA
Códigos de información de longitud fija 020226s2009 mex spa
020 ## - NÚMERO INTERNACIONAL NORMALIZADO PARA LIBROS
Número Internacional Normalizado para Libros (ISBN) 978-970-10-6935-6
040 ## - FUENTE DE LA CATALOGACIÓN
Centro catalogador de origen BR-MU
Centro transcriptor BMC
082 ## - NÚMERO DE LA CLASIFICACIÓN DECIMAL DEWEY
Númeroo de clasificación 658.1
082 ## - NÚMERO DE LA CLASIFICACIÓN DECIMAL DEWEY
Númeroo de clasificación 658.04
100 1# - PUNTO DE ACCESO PRINCIPAL-NOMBRE DE PERSONA
9 (RLIN) 7872
Nombre de persona Franklin Fincowsky, Enrique Benjamín
245 10 - MENCIÓN DE TÍTULO
Título Organización de empresas
Mención de responsabilidad, etc. Enrique Benjamín Franklin Fincowsky
250 ## - MENCIÓN DE EDICIÓN
Mención de edición 3ª ed
260 ## - PUBLICACIÓN, DISTRIBUCIÓN, ETC. (PIE DE IMPRENTA)
Lugar de publicación, distribución, etc. México, D.F. [etc.]
Nombre del editor, distribuidor, etc. McGraw-Hill
Fecha de publicación, distribución, etc. cop. 2009
300 ## - DESCRIPCIÓN FÍSICA
Extensión XXXV, 501 p.
Otras características físicas il.
Dimensiones 24 cm
500 ## - NOTA GENERAL
Nota general Índice p. [491]-501
650 24 - PUNTO DE ACCESO ADICIONAL DE MATERIA - TÉRMINO DE MATERIA
9 (RLIN) 8517
Término de materia o nombre geográfico como elemento inicial Organización de la empresa
650 24 - PUNTO DE ACCESO ADICIONAL DE MATERIA - TÉRMINO DE MATERIA
9 (RLIN) 3341
Término de materia o nombre geográfico como elemento inicial Gestión de empresas
942 ## - ENTRADA DE ELEMENTOS AGREGADOS (KOHA)
Fuente de clasificaión o esquema Dewey Decimal Classification
Koha [por defecto] tipo de item 1- Monografias
Existencias
Suprimido Perdido Fuente de clasificación o esquema Estropeado Restricciones de uso No para préstamo Código de colección Localización permanente Localización actual Localización en estanter&íacute;as Fecha adquisición Fuente de adquisición Número de inventario Préstamos totales Renovaciones totales Signatura completa Código de barras Fecha última consulta Fecha último préstamo Coste, precio reemplazado Fecha del precio de reemplazo Tipo de item de Koha
NULL NULL Dewey Decimal Classification NULL Prestable NULL NULL Biblioteca Centro Regional de Ilobasco Biblioteca Centro Regional de Ilobasco American Space 13/08/2015 UNICAES LI000813 1   658.1 FRA org 1033054 14/08/2017 14/08/2017 37.90 13/08/2015 1- Monografias
NULL NULL Dewey Decimal Classification NULL Prestable NULL NULL Biblioteca Centro Regional de Ilobasco Biblioteca Centro Regional de Ilobasco Sala Principal 29/10/2015 UNICAES LI001348     658.1 FRA org 1034843 29/10/2015   37.90 29/10/2015 1- Monografias
NULL NULL Dewey Decimal Classification NULL Prestable NULL NULL Biblioteca Centro Regional de Ilobasco Biblioteca Centro Regional de Ilobasco Sala Principal 29/10/2015 UNICAES LI001349     658.1 FRA org 1034844 29/10/2015   37.90 29/10/2015 1- Monografias
NULL NULL Dewey Decimal Classification NULL Prestable NULL NULL Biblioteca Miguel de Cervantes - UNICAES Biblioteca Miguel de Cervantes - UNICAES Sala Principal 14/09/2011 Donación - Facultad de Ciencias Empresariales 006161 110 17 658.1 FRA org 1006161 10/02/2021 12/01/2021 37.90 04/11/2013 1- Monografias
NULL NULL Dewey Decimal Classification NULL Prestable NULL NULL Biblioteca Miguel de Cervantes - UNICAES Biblioteca Miguel de Cervantes - UNICAES Sala Principal 14/09/2011 Donación - Facultad de Ciencias Empresariales 006162 55 13 658.1 FRA org 1006162 09/09/2019 05/09/2019 37.90 04/11/2013 1- Monografias
NULL NULL Dewey Decimal Classification NULL Prestable NULL NULL Biblioteca Miguel de Cervantes - UNICAES Biblioteca Miguel de Cervantes - UNICAES Sala Principal 04/11/2013 Donación - Facultad de Ciencias Empresariales 006163     658.1 FRA org 1006163 04/11/2013   37.90 04/11/2013 1- Monografias